| 000 | 00388nam a2200121Ia 4500 | ||
|---|---|---|---|
| 008 | 191129s9999 xx 000 0 und d | ||
| 020 | _a9789719430704 | ||
| 100 | _aLee, Ricky | ||
| 245 |
_cRicky Lee _aPara kay B: _b(o kung paano dinevastate ng pag-ibig and 4 out of 5 sa atin)/ |
||
| 260 |
_aManila: _bAvil Publishing, Inc. _c2013 |
||
| 300 |
_a260 p. ; _bill. : _c18 cm. |
||
| 650 | _aFiction | ||
| 999 |
_c362750 _d362750 |
||